Short stories in Danish (Record no. 4696)

MARC details
000 -CABECERA
campo de control de longitud fija 02559cam a2200433 i 4500
001 - NÚMERO DE CONTROL
campo de control 23088357
005 - FECHA Y HORA DE LA ÚLTIMA TRANSACCIÓN
campo de control 20250523065256.0
008 - DATOS DE LONGITUD FIJA--INFORMACIÓN GENERAL
campo de control de longitud fija 230501t20192019enka 000 j dan d
010 ## - NÚMERO DE CONTROL DE LA BIBLIOTECA DEL CONGRESO
Número de control de LC 2023287432
015 ## - NÚMERO DE BIBLIOGRAFÍA NACIONAL
Número de bibliografía nacional GBB9G7689
Fuente bnb
020 ## - NÚMERO INTERNACIONAL ESTÁNDAR DEL LIBRO
Número Internacional Estándar del Libro 9781529303117
035 ## - NÚMERO DE CONTROL DEL SISTEMA
Número de control de sistema (OCoLC)on1090849653
040 ## - FUENTE DE LA CATALOGACIÓN
Centro catalogador/agencia de origen YDX
Lengua de catalogación eng
Normas de descripción rda
Centro/agencia transcriptor YDX
Centro/agencia modificador UKMGB
-- OCLCO
-- OCLCF
-- EXR
-- JTH
-- GK8
-- OCL
-- MNU
-- OCLCO
-- EAU
-- WAU
-- OCLCO
-- OCL
-- DLC
041 0# - CÓDIGO DE LENGUA
Código de lengua del texto/banda sonora o título independiente eng
-- dan
042 ## - CÓDIGO DE AUTENTICACIÓN
Código de autenticación lccopycat
050 00 - SIGNATURA TOPOGRÁFICA DE LA BIBLIOTECA DEL CONGRESO
Número de clasificación PD3117
Número de documento/Ítem .S56 2019
100 ## - ENTRADA PRINCIPAL--NOMBRE DE PERSONA
Nombre de persona Richards, Olly
9 (RLIN) 12403
Término indicativo de función/relación author
245 00 - MENCIÓN DE TÍTULO
Título Short stories in Danish
Resto del título : read for pleasure at your level and learn Danish the fun way!
Mención de responsabilidad, etc. / Olly Richards ; series editor, Rebecca Moeller ; development editor, Aisha Aslam McDonald.
246 34 - FORMA VARIANTE DE TÍTULO
Título propio/Titulo breve Short stories in Danish for beginners
260 ## - PUBLICACIÓN, DISTRIBUCIÓN, ETC.
Lugar de publicación, distribución, etc. London :
Nombre del editor, distribuidor, etc. John Murray Learning,
Fecha de publicación, distribución, etc. 2019.
300 ## - DESCRIPCIÓN FÍSICA
Extensión xiv, 240 pages :
Otras características físicas illustrations ;
Dimensiones 20 cm.
490 ## - MENCIÓN DE SERIE
Mención de serie Teach yourself
490 ## - MENCIÓN DE SERIE
Mención de serie Foreign language graded reader series
505 0# - NOTA DE CONTENIDO CON FORMATO
Nota de contenido con formato About the author — Introduction — How to read effectively — The six-step reading process — Skøre frikadeller — En megeet usædvanlig udflugt — Ridderen — Uret — Kisten — Den nye verden — Den usynlige kvinde — Rumkapslen — Answer key — Danish-English glossary.
505 0# - NOTA DE CONTENIDO CON FORMATO
Nota de contenido con formato Mapped to A2-B1 on the Common European Framework of Reference — A glossary for bolded words in each text — A bilingual word list — Full plot summary — Comprehension questions after each chapter.
520 ## - SUMARIO, ETC.
Sumario, etc. Short Stories in Danish for Beginners has been written especially for students from beginner to low-intermediate level, designed to give a sense of achievement, a feeling of progress and most importantly - enjoyment! Mapped to A1-B1 on the Common European Framework of Reference, these eight captivating stories are designed to give you a sense of achievement and a feeling of progress when reading.
650 #0 - PUNTO DE ACCESO ADICIONAL DE MATERIA--TÉRMINO DE MATERIA
Término de materia o nombre geográfico como elemento de entrada Danish language
Subdivisión de forma Readers
9 (RLIN) 25309
650 #0 - PUNTO DE ACCESO ADICIONAL DE MATERIA--TÉRMINO DE MATERIA
Término de materia o nombre geográfico como elemento de entrada Danish language
Subdivisión de forma Textbooks for foreign speakers
Subdivisión general English
9 (RLIN) 25310
650 #0 - PUNTO DE ACCESO ADICIONAL DE MATERIA--TÉRMINO DE MATERIA
Término de materia o nombre geográfico como elemento de entrada Danish language
Subdivisión general Study and teaching
-- Foreign speakers
9 (RLIN) 25311
650 #0 - PUNTO DE ACCESO ADICIONAL DE MATERIA--TÉRMINO DE MATERIA
Término de materia o nombre geográfico como elemento de entrada Reading comprehension
Subdivisión de forma Problems, exercises, etc.
9 (RLIN) 25107
650 #0 - PUNTO DE ACCESO ADICIONAL DE MATERIA--TÉRMINO DE MATERIA
Término de materia o nombre geográfico como elemento de entrada Short stories, Danish
9 (RLIN) 25312
655 #0 - TÉRMINO DE INDIZACIÓN--GÉNERO/FORMA
Datos o término principal de género/forma Readers (Publications)
9 (RLIN) 25108
655 #0 - TÉRMINO DE INDIZACIÓN--GÉNERO/FORMA
Datos o término principal de género/forma Short stories
9 (RLIN) 22375
655 #0 - TÉRMINO DE INDIZACIÓN--GÉNERO/FORMA
Datos o término principal de género/forma Instructional and educational works
9 (RLIN) 23270
655 #0 - TÉRMINO DE INDIZACIÓN--GÉNERO/FORMA
Datos o término principal de género/forma Self-instructional works
9 (RLIN) 25331
700 ## - ENTRADA AGREGADA--NOMBRE PERSONAL
Nombre de persona Moeller, Rebecca Klevberg
Término indicativo de función/relación editor
9 (RLIN) 25299
700 ## - ENTRADA AGREGADA--NOMBRE PERSONAL
Nombre de persona McDonald, Aisha Aslam
Término indicativo de función/relación editor
9 (RLIN) 25313
942 ## - ELEMENTOS DE ENTRADA AGREGADA (KOHA)
Fuente del sistema de clasificación o colocación Clasificación de Library of Congress
Holdings
Estado de retiro Estado de pérdida Fuente del sistema de clasificación o colocación Estado dañado No para préstamo Biblioteca de origen Biblioteca actual Fecha de adquisición Total de préstamos Signatura topográfica completa Código de barras Fecha visto por última vez Número de copia Precio válido a partir de Tipo de ítem Koha
    Clasificación de Library of Congress     TBS Barcelona TBS Barcelona 22/05/2025   READER-DN RIC B05864 22/05/2025 1 22/05/2025 Teach Yourself Danish

Powered by Koha